<?xml version="1.0" encoding="UTF-8"?>
<record
    xmlns:xsi="http://www.w3.org/2001/XMLSchema-instance"
    xsi:schemaLocation="http://www.loc.gov/MARC21/slim http://www.loc.gov/standards/marcxml/schema/MARC21slim.xsd"
    xmlns="http://www.loc.gov/MARC21/slim">

  <leader>00459    a2200169   4500</leader>
  <controlfield tag="005">20250613090442.0</controlfield>
  <datafield tag="020" ind1=" " ind2=" ">
    <subfield code="a">0-07-283464-1</subfield>
  </datafield>
  <datafield tag="082" ind1=" " ind2=" ">
    <subfield code="a">657.48MAR</subfield>
  </datafield>
  <datafield tag="100" ind1=" " ind2=" ">
    <subfield code="a">MARSHALL,H.D</subfield>
  </datafield>
  <datafield tag="245" ind1=" " ind2=" ">
    <subfield code="a">Accounting: What the Numbers Needs</subfield>
  </datafield>
  <datafield tag="250" ind1=" " ind2=" ">
    <subfield code="a">6th Ed.</subfield>
  </datafield>
  <datafield tag="260" ind1=" " ind2=" ">
    <subfield code="a">New York</subfield>
    <subfield code="b">McGrwa-Hill Irwin </subfield>
    <subfield code="c">2004.</subfield>
  </datafield>
  <datafield tag="300" ind1=" " ind2=" ">
    <subfield code="a">xx,665p.:ill.;pictures, tables</subfield>
    <subfield code="b">Appendix, Index</subfield>
    <subfield code="c">25cm</subfield>
  </datafield>
  <datafield tag="700" ind1=" " ind2=" ">
    <subfield code="a">Mcmanus. W. Wayne , </subfield>
  </datafield>
  <datafield tag="700" ind1=" " ind2=" ">
    <subfield code="a">Viele. F. Daniel</subfield>
  </datafield>
  <datafield tag="942" ind1=" " ind2=" ">
    <subfield code="2">ddc</subfield>
    <subfield code="c">BKS</subfield>
  </datafield>
  <datafield tag="999" ind1=" " ind2=" ">
    <subfield code="c">3575</subfield>
    <subfield code="d">3575</subfield>
  </datafield>
  <datafield tag="952" ind1=" " ind2=" ">
    <subfield code="r">2025-06-10 08:46:50</subfield>
    <subfield code="l">0</subfield>
    <subfield code="o">657.48MAR</subfield>
    <subfield code="p">MZA000520</subfield>
    <subfield code="v">225000.00</subfield>
    <subfield code="w">2025-06-10</subfield>
    <subfield code="y">BKS</subfield>
    <subfield code="1">0</subfield>
    <subfield code="2">ddc</subfield>
    <subfield code="4">0</subfield>
    <subfield code="7">0</subfield>
    <subfield code="0">0</subfield>
    <subfield code="a">003</subfield>
    <subfield code="b">003</subfield>
    <subfield code="c">GEN</subfield>
    <subfield code="d">2025-06-10</subfield>
    <subfield code="e">Library Budget</subfield>
    <subfield code="g">75000.00</subfield>
  </datafield>
  <datafield tag="952" ind1=" " ind2=" ">
    <subfield code="r">2025-06-10 08:46:50</subfield>
    <subfield code="l">0</subfield>
    <subfield code="o">657.48MAR</subfield>
    <subfield code="p">MZA000521</subfield>
    <subfield code="v">225000.00</subfield>
    <subfield code="w">2025-06-10</subfield>
    <subfield code="y">BKS</subfield>
    <subfield code="1">0</subfield>
    <subfield code="2">ddc</subfield>
    <subfield code="4">0</subfield>
    <subfield code="7">0</subfield>
    <subfield code="0">0</subfield>
    <subfield code="a">003</subfield>
    <subfield code="b">003</subfield>
    <subfield code="c">GEN</subfield>
    <subfield code="d">2025-06-10</subfield>
    <subfield code="e">Library Budget</subfield>
    <subfield code="g">75000.00</subfield>
  </datafield>
  <datafield tag="952" ind1=" " ind2=" ">
    <subfield code="r">2025-12-29 09:07:46</subfield>
    <subfield code="l">1</subfield>
    <subfield code="o">657.48MAR</subfield>
    <subfield code="p">MZA000522</subfield>
    <subfield code="s">2025-12-08</subfield>
    <subfield code="v">225000.00</subfield>
    <subfield code="w">2025-06-10</subfield>
    <subfield code="y">BKS</subfield>
    <subfield code="1">0</subfield>
    <subfield code="2">ddc</subfield>
    <subfield code="4">0</subfield>
    <subfield code="7">0</subfield>
    <subfield code="0">0</subfield>
    <subfield code="a">003</subfield>
    <subfield code="b">003</subfield>
    <subfield code="c">GEN</subfield>
    <subfield code="d">2025-06-10</subfield>
    <subfield code="e">Library Budget</subfield>
    <subfield code="g">75000.00</subfield>
  </datafield>
  <datafield tag="952" ind1=" " ind2=" ">
    <subfield code="r">2025-06-10 08:46:50</subfield>
    <subfield code="l">0</subfield>
    <subfield code="o">657.48MAR</subfield>
    <subfield code="p">MZA000523</subfield>
    <subfield code="v">225000.00</subfield>
    <subfield code="w">2025-06-10</subfield>
    <subfield code="y">BKS</subfield>
    <subfield code="1">0</subfield>
    <subfield code="2">ddc</subfield>
    <subfield code="4">0</subfield>
    <subfield code="7">0</subfield>
    <subfield code="0">0</subfield>
    <subfield code="a">003</subfield>
    <subfield code="b">003</subfield>
    <subfield code="c">GEN</subfield>
    <subfield code="d">2025-06-10</subfield>
    <subfield code="e">Library Budget</subfield>
    <subfield code="g">75000.00</subfield>
  </datafield>
  <datafield tag="952" ind1=" " ind2=" ">
    <subfield code="r">2025-06-10 08:46:50</subfield>
    <subfield code="l">0</subfield>
    <subfield code="o">657.48MAR</subfield>
    <subfield code="p">MZA000524</subfield>
    <subfield code="v">225000.00</subfield>
    <subfield code="w">2025-06-10</subfield>
    <subfield code="y">BKS</subfield>
    <subfield code="1">0</subfield>
    <subfield code="2">ddc</subfield>
    <subfield code="4">0</subfield>
    <subfield code="7">0</subfield>
    <subfield code="0">0</subfield>
    <subfield code="a">003</subfield>
    <subfield code="b">003</subfield>
    <subfield code="c">GEN</subfield>
    <subfield code="d">2025-06-10</subfield>
    <subfield code="e">Library Budget</subfield>
    <subfield code="g">75000.00</subfield>
  </datafield>
</record>
